000 01274nam a2200349 a 4500
001 000111165
003 CHAP
005 20220329144201.0
008 141210s2014 mx sm |||||||spa d
010 _a107627
011 _a108599
040 _cCHAP
090 _aTesis
100 1 _aBotello Castillo, Maria Diana
_9128975
245 1 0 _aInfluencia de malezas en la dinámica poblacional de Diaphorina citri en mandarina, en Tuxpan, Veracruz.
_h[En línea]
_cpor Maria Diana Botello Castillo y Laura Jacob Blas.
260 _aChapingo, Méx. :
_bEl autor,
_c2014.
500 _aPara ver el contenido del material haga clic en la liga
502 _aTesis (Ing. Agr. Esp. en Fitotecnia) -- UACH. Departamento de Fitotecnia
590 _aBATCH
_b00
_c20181121
_lUCH01
_h0759
590 _aE11695DGD
_b10
_c20141215
_lUCH01
_h1444
590 _aE5765TAJ
_b05
_c20141210
_lUCH01
_h1103
590 _aE5765TAJ
_b05
_c20141210
_lUCH01
_h1104
650 1 4 _aControl de insectos.
_927592
650 1 4 _aInsectos
_xIdentificación.
_958929
650 1 4 _aMandarina
_xPlagas.
_970339
700 1 _aJacob Blas, Laura
_9128976
856 _a1
_n0001015
856 _aFinding aid
_uhttp://10.13.5.2/tesis/sist111165.pdf
_zTeclea aquí
901 _aBK
942 _cTESIS
942 _n0
999 _c107627
_d107627